000 01386cab a2200385 4500
001 ABS54383
008 090401t xxu||||| |||| 00| 0 eng d
035 _a(Sirsi) u10056
041 _aeng
100 _aBurr, A.
245 _aEuropean construction contracts: a comparative analysis
350 _a0
490 _aConstruction Law Journal
_v11(6) 195, 419-439(12)
520 _aCompares and contrasts various forms of private building contracts involving main contractors used in a number of European countries highlighting differences in supervision, financing, certification, payments and dispute resolution. Concludes with a table of concordant contractual provisions cross-referencing European standard forms of building contracts with the provisions of JCT 1980.
650 _aBELGIUM
650 _aBUILT ENVIRONMENT-BUILDING CONTRACT FORMS
650 _aCOMPARISON
650 _aDENMARK
650 _aEUROPE
650 _aFRANCE
650 _aGERMANY
650 _aGREECE
650 _aIRELAND
650 _aITALY
650 _aJCT
650 _aNETHERLANDS
650 _aPORTUGAL
650 _aSPAIN
650 _aBUILT ENVIRONMENT-BUILDING CONTRACT FORMS-STANDARD FORMS OF BUILDING CONTRACT
690 _aBUILT ENVIRONMENT-BUILDING CONTRACT FORMS
690 _aOVERSEAS-EUROPE
700 _aPritchard, T.
942 _n0
948 _c04/03/1997
999 _c6318
_d6318